| 000 | 00343nam a22001217a 4500 | ||
|---|---|---|---|
| 001 | 232545 | ||
| 003 | ES-MaBCM | ||
| 020 | _a979-13-87598-91-4 | ||
| 040 | _cES-MaBCM | ||
| 245 |
_aLa ultraderecha contra la verdad : _b50 argumentos polĂticos para vencer el odio _cAdriana Hest |
||
| 260 |
_aBarcelona _b : Penguin Random House _c2026 |
||
| 942 | _cBK | ||
| 999 |
_c232545 _d232545 |
||